000 00705cab a2200229 4500
001 WB2432-33
008 090401t1988 xxu||||| |||| 00| 0 eng d
035 _a(Sirsi) u39753
041 _aeng
245 _aExclusive occupation
260 _c1988
350 _a0
490 _aEGCS
_v1988 122
520 _aA report of "Westminster LBC v Tomlin" QBD 29 July 1988, which concerned the recovery of rates for the occupation of premises by an incorporated association.
650 _aEXCLUSIVE OCCUPATION
650 _aRATEABLE OCCUPATION
650 _aVERRALL V HACKNEY LBC
650 _aWESTMINSTER LBC V TOMLIN
690 _aRATING AND VALUATION-CASE LAW
942 _n0
948 _c04/03/1997
999 _c25451
_d25451